| 000 | 00520nmm a2200169Ia 4500 | ||
|---|---|---|---|
| 008 | 251105s9999||||xx |||||||||||||||||und|| | ||
| 020 | _a9788490731956 | ||
| 041 | _aspa | ||
| 100 | _aArens, Eduardo | ||
| 245 | 0 |
_a¿Hasta que la muerte los separe? : _b El divorcio en el Nuevo Testamento |
|
| 264 |
_a[Madrid, España] : _bEditorial Verbo Divino, _c2015 |
||
| 300 | _a224 páginas | ||
| 490 | _aEstudios bíblicos | ||
| 650 | _aReligion(s) | ||
| 856 | _uhttps://public.digitaliapublishing.com/a/38636 | ||
| 942 | _cCF | ||
| 999 |
_c87847 _d87847 |
||